|
|
|
|
| LEADER |
04087nam a22005775i 4500 |
| 001 |
978-3-642-12636-9 |
| 003 |
DE-He213 |
| 005 |
20151204163320.0 |
| 007 |
cr nn 008mamaa |
| 008 |
110203s2010 gw | s |||| 0|eng d |
| 020 |
|
|
|a 9783642126369
|9 978-3-642-12636-9
|
| 024 |
7 |
|
|a 10.1007/978-3-642-12636-9
|2 doi
|
| 040 |
|
|
|d GrThAP
|
| 050 |
|
4 |
|a TK5105.5-5105.9
|
| 072 |
|
7 |
|a UKN
|2 bicssc
|
| 072 |
|
7 |
|a COM075000
|2 bisacsh
|
| 082 |
0 |
4 |
|a 004.6
|2 23
|
| 245 |
1 |
0 |
|a Cloud Computing
|h [electronic resource] :
|b First International Conference, CloudComp 2009 Munich, Germany, October 19–21, 2009 Revised Selected Papers /
|c edited by Dimiter R. Avresky, Michel Diaz, Arndt Bode, Bruno Ciciani, Eliezer Dekel.
|
| 264 |
|
1 |
|a Berlin, Heidelberg :
|b Springer Berlin Heidelberg,
|c 2010.
|
| 300 |
|
|
|a XXVII, 271 p.
|b online resource.
|
| 336 |
|
|
|a text
|b txt
|2 rdacontent
|
| 337 |
|
|
|a computer
|b c
|2 rdamedia
|
| 338 |
|
|
|a online resource
|b cr
|2 rdacarrier
|
| 347 |
|
|
|a text file
|b PDF
|2 rda
|
| 490 |
1 |
|
|a Lecture Notes of the Institute for Computer Sciences, Social-Informatics and Telecommunications Engineering,
|x 1867-8211 ;
|v 34
|
| 505 |
0 |
|
|a Cloud Computing Infrastructure Track Session 1 -- Executing Distributed Applications on Virtualized Infrastructures Specified with the VXDL Language and Managed by the HIPerNET Framework -- High Performance Parallel Computing with Clouds and Cloud Technologies -- Cloud Computing Platforms Track Session 1 -- Cloud@Home on Top of RESERVOIR -- AppScale: Scalable and Open AppEngine Application Development and Deployment -- Cloud Computing Infrastructure Track Session 2 -- Mitigating Security Threats to Large-Scale Cross Border Virtualization Infrastructures -- Activity Control in Application Landscapes A Further Approach to Improving Maintainability of Distributed Application Landscapes -- PerfCloud: Performance-Oriented Integration of Cloud and GRID -- Combining Cloud and Grid with a User Interface -- Cloud Computing Infrastructure Track Session 3 -- A Performance Analysis of EC2 Cloud Computing Services for Scientific Computing -- Cyberaide Virtual Applicance: On-Demand Deploying Middleware for Cyberinfrastructure -- Cloud Computing Platforms Track Session 2 -- Service Supervision Patterns: Reusable Adaption of Composite Services -- Cloud Computing Platforms Track Session 3 -- Self-managed Microkernels: From Clouds towards Resource Fabrics -- Proactive Software Rejuvenation Based on Machine Learning Techniques -- Dynamic Load Management of Virtual Machines in Cloud Architectures -- Cloud Computing Platforms Track Session 4 -- Dynamic Service Encapsulation -- Modeling Movable Components for Disruption Tolerant Mobile Service Execution -- Cloud Computing Applications Track Session 1 -- Virtual Distro Dispatcher: A Light-Weight Desktop-as-a-Service Solution -- On Cost Modeling for Hosted Enterprise Applications.
|
| 650 |
|
0 |
|a Computer science.
|
| 650 |
|
0 |
|a Computer communication systems.
|
| 650 |
|
0 |
|a Software engineering.
|
| 650 |
|
0 |
|a Algorithms.
|
| 650 |
|
0 |
|a Information storage and retrieval.
|
| 650 |
|
0 |
|a Artificial intelligence.
|
| 650 |
1 |
4 |
|a Computer Science.
|
| 650 |
2 |
4 |
|a Computer Communication Networks.
|
| 650 |
2 |
4 |
|a Artificial Intelligence (incl. Robotics).
|
| 650 |
2 |
4 |
|a Information Systems Applications (incl. Internet).
|
| 650 |
2 |
4 |
|a Software Engineering.
|
| 650 |
2 |
4 |
|a Algorithm Analysis and Problem Complexity.
|
| 650 |
2 |
4 |
|a Information Storage and Retrieval.
|
| 700 |
1 |
|
|a Avresky, Dimiter R.
|e editor.
|
| 700 |
1 |
|
|a Diaz, Michel.
|e editor.
|
| 700 |
1 |
|
|a Bode, Arndt.
|e editor.
|
| 700 |
1 |
|
|a Ciciani, Bruno.
|e editor.
|
| 700 |
1 |
|
|a Dekel, Eliezer.
|e editor.
|
| 710 |
2 |
|
|a SpringerLink (Online service)
|
| 773 |
0 |
|
|t Springer eBooks
|
| 776 |
0 |
8 |
|i Printed edition:
|z 9783642126352
|
| 830 |
|
0 |
|a Lecture Notes of the Institute for Computer Sciences, Social-Informatics and Telecommunications Engineering,
|x 1867-8211 ;
|v 34
|
| 856 |
4 |
0 |
|u http://dx.doi.org/10.1007/978-3-642-12636-9
|z Full Text via HEAL-Link
|
| 912 |
|
|
|a ZDB-2-SCS
|
| 950 |
|
|
|a Computer Science (Springer-11645)
|